| 000 | 01605nam0a2200313 4500 | ||
|---|---|---|---|
| 001 | RU\NLR\bibl\834871 | ||
| 005 | 20260607051556.0 | ||
| 021 |
_aRU _b2005-41455 _92056 |
||
| 035 | _a(NLR Aleph) 000823719 | ||
| 090 |
_a1317343 _c1317343 |
||
| 100 | _a20050829d2005 |||y0rusy50 ca | ||
| 101 | 0 | _arus | |
| 102 | _aRU | ||
| 105 | _ac ||||||||| | ||
| 200 | 1 |
_aИстория инженерного химико-технологического факультета, (1935-2005) _f[А.П. Денисюк, В.Ф. Жилин, В.Л. Збарский и др.] _gпод общ. ред. проф. А.П. Денисюка _gРос. хим.-технол. ун-т им. Д.И. Менделеева |
|
| 210 |
_aМосква _cРХТУ _d2005 |
||
| 215 |
_a431, [1] с. _cпортр. _d22 |
||
| 601 | 0 | 2 |
_aРоссийский химико-технологический университет им. Д.И. Менделеева _bИнженерный химико-технологический факультет _92390831 _3RU\NLR\auth\661425796 |
| 686 | _aЧ488.755.4(2)7 | ||
| 701 | 1 |
_4070 _7ca _8rus _aДенисюк _bА. П. _cд-р техн. наук _gАнатолий Петрович _911267 _3RU\NLR\auth\7728236 |
|
| 701 | 1 |
_aЖилин _bВ. Ф. _4070 |
|
| 701 | 1 |
_aЗбарский _bВ. Л. _4070 |
|
| 712 | 0 | 2 |
_4570 _aРоссийский химико-технологический университет им. Д. И. Менделеева _9277911 _3RU\NLR\AUTH\883338 |
| 801 | 0 |
_aRU _bNLR _c20050829 _grcr |
|
| 801 | 1 |
_aRU _bNLR _c20050829 |
|
| 942 | _cBOOK | ||
| 980 | _aNB | ||